000 00984cab a2200241 4500
001 WB3342-09
008 090401t1997 xxu||||| |||| 00| 0 eng d
035 _a(Sirsi) u81776
041 _aeng
245 _aCommercial property divide
260 _c1997
350 _a0
490 _aRICS Press Release
_v(pr114.com) 28 October 1997, (3)
520 _aConfidence levels are divided for the three sectors of business property. The shops sector has seen a rise, while offices and industrial have fallen, according to the RICS commercial property survey for the three months to end September 1997.
650 _aPROPERTY-COMMERCIAL PROPERTY
650 _aINDUSTRIAL MARKET
650 _aPROPERTY-COMMERCIAL PROPERTY-OFFICE PROPERTY-OFFICE PROPERTY MARKET
650 _aPROPERTY-COMMERCIAL PROPERTY-RETAIL PROPERTY-RETAIL PROPERTY MARKET
650 _aRICS SURVEY
690 _aPROPERTY-COMMERCIAL PROPERTY-COMMERCIAL PROPERTY MARKET
942 _n0
948 _c29/10/1997
999 _c51561
_d51561